000 00523pab a2200193 454500
008 180718b2010 xxu||||| |||| 00| 0 eng d
100 _aDas, Ira
245 _aSectoral linkages in Assam: an empirical analysis
260 _c2010
300 _ap.77-94.
362 _aJun
650 _aEconomic and social development - India - assam
650 _aEconomic and social development
700 _aBorbora, Saundarya
700 _aDutta, Mrinal Kanti
773 _aMan and Development
908 _aN
909 _a87210
999 _c87210
_d87210